000 00262nam a22001097a 4500
008 170113b xxu||||| |||| 00| 0 eng d
020 _a9780781742719
041 _aeng
080 _a618.2
245 _aUNDERSTANDING NURSING RESEARCH
_cMACNEE, C.L
942 _2udc
_cBK
999 _c2858
_d2858